Cálculo diferencial e integral /
Guardado en:
| Otros Autores: | |
|---|---|
| Formato: | Libro |
| Idioma: | Spanish |
| Publicado: |
Madrid :
Síntesis,
1996.
|
| Series: | Educación matemática en secundaria ;
10 |
| Etiquetas: |
Agregar Etiqueta
Sin Etiquetas, Sea el primero en etiquetar este registro!
|
| LEADER | 00850nam a22001935a 4500 | ||
|---|---|---|---|
| 001 | MAT.inmabb002584 | ||
| 008 | 050614s1996####sp#a#####b####001#0#spa#d | ||
| 005 | 20130403162403.0 | ||
| 245 | 0 | 0 | |a Cálculo diferencial e integral / |c Carmen Azcárate, Daniel Bosch, Martí Casadevall, Esther Casellas. |
| 260 | |a Madrid : |b Síntesis, |c 1996. | ||
| 300 | |a 190 p. : |b il. ; |c 21 cm. | ||
| 440 | 0 | |a Educación matemática en secundaria ; |v 10 | |
| 500 | |a La fecha es la del depósito legal. | ||
| 504 | |a Bibliografía: p. 189-190. | ||
| 505 | 0 | |a 1. Introducción -- 2. El concepto de derivada -- 3. El cálculo de derivadas y sus aplicaciones -- 4. El concepto de integral. La integración numérica -- 5. La integración algebraica. | |
| 020 | |a 847738357X | ||
| 700 | 1 | |a Azcárate, Carmen. | |
| 084 | |a 97I40 (97I50) |2 msc2010 | ||
| 859 | |h 97 |i Az992 |p A-8248 |b BIB. MATEMATICA | ||
